Đèn điện tử và đèn bán dẫn T.2 Đèn điện tử và đèn bán dẫn

Đèn cơ khí, ống tia điện tử, íôt bán dẫn, tríôt bán dẫn, dụng cụ quang điện

Kaydedildi:
Detaylı Bibliyografya
Yazar: Trần Đức Hán (Tác giả)
Diğer Yazarlar: Ngô Đức Dũng (Tác giả), Lê Phi Yến (Tác giả)
Materyal Türü: Kitap
Dil:Vietnamese
Baskı/Yayın Bilgisi: H. Đại học và Trung học chuyên nghiệp 1978
Konular:
Etiketler: Etiketle
Etiket eklenmemiş, İlk siz ekleyin!
Thư viện lưu trữ: Mạng thư viện Đại học Đà Nẵng
LEADER 01491nam a2200397 4500
001 000008431
003 4619
005 20111018151001.0
008 111017s1978 viesd
020 |c 1đ 
041 0 |a vie 
082 |a 621.3815  |b TR-H 
100 0 |a Trần Đức Hán  |e Tác giả 
245 1 0 |a Đèn điện tử và đèn bán dẫn  |c Trần Đức Hán; Ngô Đức Dũng; Lê Phi Yến  |n T.2  |p Đèn điện tử và đèn bán dẫn 
260 |a H.  |b Đại học và Trung học chuyên nghiệp  |c 1978 
300 |a 158 tr.  |c 27 cm 
500 |a Thư mục cuối sách 
520 |a Đèn cơ khí, ống tia điện tử, íôt bán dẫn, tríôt bán dẫn, dụng cụ quang điện 
653 |a giáo trình 
653 |a vô tuyến điện tử học 
653 |a đèn bán dẫn 
653 |a đèn điện tử 
700 |a Ngô Đức Dũng  |e Tác giả 
700 |a Lê Phi Yến  |e Tác giả 
773 |t Đèn điện tử và đèn bán dẫn  |w 4617 
910 |a duyên 
OWN |a LSP 
AVA |a UDN50  |b LSP  |d 621.3815 TR-H  |e available  |t Error 5001 Not defined in file expand_doc_bib_avail.  |f 3  |g 1  |h N  |i 0  |k 1 
999 |a From the UDN01 
AVA |a UDN50  |b LSP  |d 621.3815 TR-H  |e available  |t Error 5001 Not defined in file expand_doc_bib_avail.  |f 3  |g 1  |h N  |i 0  |k 1 
TYP |a Monograph 
TYP |a Printed language 
980 |a Mạng thư viện Đại học Đà Nẵng